000 00663 a2200193 4500
001 61965
005 20260407155912.0
008 260407a1978 arg spa d
003 AR-UNSa-BCEJYS
040 _aAR-UNSa-BCEJYS
_bspa
_cAR-UNSa-BCEJYS
080 _a340.12
_xTendencias en la teoría del derecho. Escuelas, doctrinas jurídicas. Filosofía del derecho. Teorías sobre el Estado y el derecho
245 1 0 _aIntegración de la Ley
_pArtículo 16 del Código Civil
264 1 _aBuenos Aires :
_bAstrea
_c1978
300 _a196 p.
_c20 cm.
041 _aspa
942 _cBK
590 _aniveau_biblio:m niveau_hierar:0
100 1 _aVigo, Rodolfo Luis (h)
999 _c7505
_d7505